[Event "SR 1. liga zapad 2014/2015"]
[Site "?"]
[Date "2015.02.28"]
[Round "8.6"]
[White "Ruckschloss, Karol"]
[Black "Berczes, Csaba"]
[Result "1/2-1/2"]
[WhiteElo "2207"]
[BlackElo "2357"]
[PlyCount "81"]
[EventDate "2014.??.??"]

1. c4 Nf6 2. d4 e6 3. Nf3 b6 4. Nc3 Bb7 5. Bg5 Be7 6. e3 d6 7. Be2 Nbd7 8. O-O
O-O 9. Nd2 c5 10. Bf3 Bxf3 11. Qxf3 cxd4 12. exd4 a6 13. Rac1 Rb8 14. a4 Qc7
15. Bh4 Rfc8 16. Bg3 Qb7 17. Qe2 Ne8 18. Rfd1 Ndf6 19. b3 Ra8 20. d5 exd5 21.
cxd5 Rc7 22. Nc4 Rac8 23. Qd2 b5 24. axb5 axb5 25. Na5 Qb6 26. b4 Bf8 27. Bf4
Ng4 28. Nc6 Ne5 29. Be3 Qb7 30. Na5 Nc4 31. Nxb7 Nxd2 32. Bxd2 Rxb7 33. Ne4
Rbc7 34. Rxc7 Rxc7 35. Rc1 Rxc1+ 36. Bxc1 Nc7 37. Bf4 Nxd5 38. Bxd6 f5 39. Bxf8
Kxf8 40. Nd6 Nxb4 41. Nxb5 1/2-1/2

[Event "SR 1. liga zapad 2014/2015"]
[Site "?"]
[Date "2015.02.28"]
[Round "8.6"]
[White "Farkas, Gabor"]
[Black "Dolnak, Michal"]
[Result "1-0"]
[WhiteElo "2346"]
[BlackElo "2187"]
[PlyCount "149"]
[EventDate "2014.??.??"]

1. e4 e5 2. f4 exf4 3. Nf3 g5 4. Bc4 Bg7 5. d4 h6 6. g3 d6 7. O-O Bh3 8. Rf2
Ne7 9. gxf4 g4 10. Nh4 d5 11. exd5 Bf6 12. Ng2 Nxd5 13. Qe2+ Kf8 14. c3 Nc6 15.
Nd2 Qd7 16. Ne4 Be7 17. f5 Re8 18. Bxd5 Qxd5 19. Nf4 Qd7 20. Nxh3 gxh3 21. Qh5
Bg5 22. Nxg5 Re1+ 23. Rf1 Rxf1+ 24. Kxf1 Qxf5+ 25. Qf3 Qb5+ 26. Qe2 Qxe2+ 27.
Kxe2 hxg5 28. Bxg5 Ne7 29. Bxe7+ Kxe7 30. Rg1 Ke6 31. Kf3 Kf5 32. Rg7 Kf6 33.
Rg4 Re8 34. Rf4+ Kg6 35. Re4 Rh8 36. Re7 Rc8 37. Kg3 Kf6 38. Re4 Rh8 39. Rf4+
Ke7 40. a3 a5 41. Rh4 Rg8+ 42. Kxh3 Rg1 43. Rg4 Rf1 44. Re4+ Kf6 45. Kg3 Rb1
46. Re2 a4 47. Kf4 b5 48. Ke4 Ke6 49. Kd3+ Kd6 50. Rf2 Rd1+ 51. Rd2 Rf1 52. c4
c6 53. cxb5 cxb5 54. Ke2 Rh1 55. Kf3 Kd5 56. Kg2 Re1 57. Rf2 Kxd4 58. Rxf7 Kd3
59. Rf2 Re8 60. h4 Ke3 61. Rf5 Rb8 62. Kg3 Ke4 63. Kg4 Rg8+ 64. Rg5 Rb8 65. h5
Kd3 66. Rc5 Kd4 67. Rf5 Ke4 68. h6 Kd4 69. Kg5 Kc4 70. h7 Kb3 71. Rf2 Ra8 72.
Rh2 Rd8 73. h8=Q Rxh8 74. Rxh8 Kxb2 75. Rh3 1-0

[Event "SR 1. liga zapad 2014/2015"]
[Site "?"]
[Date "2015.02.28"]
[Round "8.6"]
[White "Kovac, Andrej"]
[Black "Janko, Michal"]
[Result "1/2-1/2"]
[WhiteElo "2165"]
[BlackElo "2280"]
[PlyCount "52"]
[EventDate "2014.??.??"]

1. b3 e5 2. Bb2 d6 3. e3 f5 4. d4 e4 5. Ne2 Nf6 6. g3 Be7 7. Bg2 O-O 8. c4 c6
9. Nbc3 d5 10. cxd5 cxd5 11. Qc1 Nc6 12. Ba3 Nb4 13. Bxb4 Bxb4 14. O-O g5 15.
a3 Bd6 16. Nb5 Bb8 17. f4 exf3 18. Rxf3 Be6 19. Qc2 Qd7 20. Nbc3 Bd6 21. b4
Rac8 22. Rc1 Ne4 23. Qd3 Rc4 24. Rff1 Rfc8 25. Nxe4 fxe4 26. Qb3 Rxc1 1/2-1/2

[Event "SR 1. liga zapad 2014/2015"]
[Site "?"]
[Date "2015.02.28"]
[Round "8.6"]
[White "Janko, Ladislav"]
[Black "Hacik, Radomir"]
[Result "0-1"]
[WhiteElo "2169"]
[BlackElo "2143"]
[PlyCount "42"]
[EventDate "2014.??.??"]

1. e4 c6 2. d4 d5 3. e5 Bf5 4. Nc3 e6 5. g4 Bg6 6. Nge2 c5 7. h4 h6 8. Be3 Nc6
9. Nf4 Bh7 10. g5 hxg5 11. hxg5 Bxc2 12. Qxc2 Rxh1 13. g6 Qd7 14. gxf7+ Qxf7
15. O-O-O Rxf1 16. Rxf1 cxd4 17. Ncxd5 O-O-O 18. Bxd4 exd5 19. Nd3 Kb8 20. Qa4
Nxd4 21. Qxd4 Ne7 0-1

[Event "SR 1. liga zapad 2014/2015"]
[Site "?"]
[Date "2015.02.28"]
[Round "8.6"]
[White "Valent, Ivan"]
[Black "Takacs, Laszlo"]
[Result "1-0"]
[WhiteElo "2214"]
[BlackElo "2110"]
[PlyCount "71"]
[EventDate "2014.??.??"]

1. e4 c5 2. Nf3 d6 3. Bb5+ Bd7 4. Bxd7+ Qxd7 5. c4 g6 6. d4 cxd4 7. Nxd4 Bg7 8.
Nc3 Nc6 9. Be3 Nf6 10. f3 O-O 11. O-O Rfc8 12. b3 h5 13. Rc1 Ne5 14. Qd2 Kh7
15. h3 Nc6 16. Rfd1 Nxd4 17. Bxd4 Bh6 18. Be3 Bxe3+ 19. Qxe3 Qe6 20. Qd4 b6 21.
f4 Rc5 22. Re1 Qd7 23. Rcd1 Qb7 24. e5 dxe5 25. fxe5 Ng8 26. Ne4 Rc7 27. Rf1 e6
28. Nd6 Qc6 29. Nxf7 Qc5 30. Ng5+ Kh6 31. Nxe6 Qxd4+ 32. Nxd4 Re8 33. e6 Kg7
34. Nb5 Rce7 35. Rd7 Nf6 36. Nd6 1-0

[Event "SR 1. liga zapad 2014/2015"]
[Site "?"]
[Date "2015.02.28"]
[Round "8.6"]
[White "Balogh, Peter"]
[Black "Kolcak, Marek"]
[Result "1-0"]
[WhiteElo "2028"]
[BlackElo "2121"]
[PlyCount "119"]
[EventDate "2014.??.??"]

1. e4 e6 2. d4 d5 3. Nc3 Bb4 4. e5 c5 5. Qg4 Ne7 6. dxc5 Nbc6 7. Nf3 O-O 8. Bd3
Ng6 9. Qh5 f6 10. exf6 Qxf6 11. O-O Re8 12. Ng5 Nce5 13. Qxh7+ Kf8 14. Qh5 Kg8
15. Nb5 Nxd3 16. cxd3 Bxc5 17. Nc7 Bd7 18. Nxa8 Rxa8 19. Be3 Bd6 20. f4 Nf8 21.
Nf3 Qg6 22. Qxg6 Nxg6 23. Nd4 Rc8 24. Rac1 Rxc1 25. Rxc1 Nxf4 26. Bxf4 Bxf4 27.
Re1 Bd2 28. Re2 Ba5 29. Nxe6 Bb5 30. Ng5 Bb6+ 31. Kh1 g6 32. b3 Bxd3 33. Rd2
Bb1 34. a3 d4 35. Nf3 d3 36. Ne1 Be3 37. Rd1 Bc2 38. Rxd3 Bxd3 39. Nxd3 Bd4 40.
g3 Kf7 41. Kg2 g5 42. Kf3 Ke6 43. Ke4 Bg1 44. h3 b6 45. h4 gxh4 46. gxh4 Bh2
47. Nf4+ Kf7 48. Kf5 Bg1 49. h5 Bc5 50. a4 Bf8 51. Ne6 Bh6 52. Nd8+ Ke8 53. Kg6
Be3 54. Nf7 a6 55. h6 b5 56. axb5 axb5 57. h7 Bd4 58. h8=Q+ Bxh8 59. Nxh8 Kd7
60. Kf5 1-0

[Event "SR 1. liga zapad 2014/2015"]
[Site "?"]
[Date "2015.02.28"]
[Round "8.6"]
[White "Sulek, Viliam"]
[Black "Kosar, Mikulas"]
[Result "1-0"]
[WhiteElo "2043"]
[BlackElo "1712"]
[PlyCount "51"]
[EventDate "2014.??.??"]

1. e4 e5 2. Nf3 Nf6 3. Nxe5 d6 4. Nf3 Nxe4 5. Nc3 Nxc3 6. dxc3 Bg4 7. Be3 Be7
8. Qd2 Nd7 9. O-O-O Nf6 10. Bd3 Nd5 11. Bb5+ c6 12. Qxd5 cxb5 13. Qxb5+ Qd7 14.
Qxd7+ Bxd7 15. Bf4 Rc8 16. Rhe1 Be6 17. Bxd6 Bf6 18. Nd4 Bxd4 19. Rxd4 Rd8 20.
f4 g6 21. g4 Rxd6 22. Rxd6 Ke7 23. Rd4 Kf6 24. g5+ Kg7 25. Rxe6 fxe6 26. Rd7+
1-0

[Event "SR 1. liga zapad 2014/2015"]
[Site "?"]
[Date "2015.03.01"]
[Round "9.1"]
[White "Koval, Maros"]
[Black "Veres, Andrej"]
[Result "1/2-1/2"]
[WhiteElo "2098"]
[BlackElo "2179"]
[PlyCount "32"]
[EventDate "2014.??.??"]

1. d4 Nf6 2. Nf3 e6 3. Bg5 c5 4. c3 Nc6 5. e3 Qb6 6. Qb3 d5 7. Nbd2 Be7 8. Ne5
Nxe5 9. dxe5 Nd7 10. Bxe7 Kxe7 11. f4 c4 12. Qxb6 axb6 13. Be2 Nc5 14. O-O b5
15. a3 Bd7 16. Nf3 Rad8 1/2-1/2

[Event "SR 1. liga zapad 2014/2015"]
[Site "?"]
[Date "2015.03.01"]
[Round "9.1"]
[White "Borik, Juraj"]
[Black "Bojda, Lubomir"]
[Result "1/2-1/2"]
[WhiteElo "2188"]
[BlackElo "2167"]
[PlyCount "22"]
[EventDate "2014.??.??"]

1. e4 d6 2. d4 Nf6 3. Nc3 c6 4. f4 Qa5 5. Bd3 e5 6. Nf3 Bg4 7. dxe5 dxe5 8. h3
Bxf3 9. Qxf3 Nbd7 10. O-O h5 11. Be3 Bc5 1/2-1/2

[Event "SR 1. liga zapad 2014/2015"]
[Site "?"]
[Date "2015.03.01"]
[Round "9.1"]
[White "Polacik, Igor"]
[Black "Podoba, Milan"]
[Result "0-1"]
[WhiteElo "2173"]
[BlackElo "2131"]
[PlyCount "130"]
[EventDate "2014.??.??"]

1. e4 e6 2. d4 d5 3. Nd2 c5 4. exd5 Qxd5 5. Ngf3 cxd4 6. Bc4 Qd6 7. O-O Nf6 8.
Nb3 Nc6 9. Nbxd4 Nxd4 10. Qxd4 Qxd4 11. Nxd4 Bd7 12. Be2 Rc8 13. Bf3 b6 14. Bf4
Bc5 15. Nb3 Bc6 16. Bxc6+ Rxc6 17. Nxc5 Rxc5 18. Rac1 Ke7 19. c4 Rd8 20. f3 Rc6
21. Kf2 Rd4 22. Be5 Rdxc4 23. Rxc4 Rxc4 24. Rd1 Rc2+ 25. Kg1 Ne8 26. Bc3 a5 27.
Rd4 g6 28. Rc4 Kd7 29. Rh4 h5 30. g4 hxg4 31. fxg4 Nc7 32. Rh7 Ke7 33. g5 Nd5
34. Bg7 Rc4 35. Kf2 Rf4+ 36. Kg3 Rf5 37. h4 e5 38. Rh8 e4 39. Rc8 Rf3+ 40. Kg2
Nf4+ 41. Kh2 e3 42. Rc4 e2 43. Re4+ Kd7 44. Bc3 Rh3+ 45. Kg1 Rxh4 46. Rd4+ Kc6
47. Kf2 Nh3+ 48. Kxe2 Rxd4 49. Bxd4 Nxg5 50. Ke3 Ne6 51. Bf6 Kd5 52. Kd3 b5 53.
Bc3 a4 54. Bf6 Nc5+ 55. Ke3 Ne4 56. Bd8 f5 57. Kf4 Ke6 58. Ke3 g5 59. Kf3 g4+
60. Ke3 Nf6 61. Kf2 Nd5 62. Ba5 Ke5 63. Kg3 Ke4 64. Bd2 Ne3 65. Be1 f4+ 0-1

[Event "SR 1. liga zapad 2014/2015"]
[Site "?"]
[Date "2015.03.01"]
[Round "9.1"]
[White "Bombek, Peter"]
[Black "Riabov, Alexander"]
[Result "0-1"]
[WhiteElo "2156"]
[BlackElo "2072"]
[PlyCount "98"]
[EventDate "2014.??.??"]

1. d4 g6 2. e4 Bg7 3. Nc3 d6 4. h3 Nc6 5. Be3 e5 6. Nf3 exd4 7. Nxd4 Nf6 8. Qd2
O-O 9. O-O-O Re8 10. f3 Nxd4 11. Bxd4 Be6 12. Kb1 a6 13. g4 b5 14. Bg2 b4 15.
Nd5 a5 16. Nxf6+ Bxf6 17. f4 Rb8 18. f5 Bc4 19. h4 a4 20. g5 Be5 21. Bf1 Bxf1
22. Rhxf1 b3 23. cxb3 axb3 24. fxg6 bxa2+ 25. Ka1 fxg6 26. Rf3 Qe7 27. Rc3 Bxd4
28. Qxd4 Qxe4 29. Rxc7 Qxd4 30. Rxd4 Re2 31. Rxd6 Rexb2 32. Rdc6 Re2 33. Rc8+
Rxc8 34. Rxc8+ Kf7 35. Rh8 Kg7 36. Ra8 Rf2 37. Ra7+ Rf7 38. Rxa2 Rf1+ 39. Kb2
Rf2+ 40. Kb3 Rxa2 41. Kxa2 Kf7 42. Kb3 Ke6 43. Kc3 Kf5 44. h5 Kxg5 45. hxg6
hxg6 46. Kd3 Kf4 47. Ke2 Kg3 48. Ke3 g5 49. Ke2 Kg2 0-1

[Event "SR 1. liga zapad 2014/2015"]
[Site "?"]
[Date "2015.03.01"]
[Round "9.1"]
[White "Chlpik, Martin"]
[Black "Lazo, Juraj"]
[Result "1/2-1/2"]
[WhiteElo "2072"]
[BlackElo "2098"]
[PlyCount "107"]
[EventDate "2014.??.??"]

1. d4 Nf6 2. Bf4 e6 3. Nf3 c5 4. e3 d5 5. Be2 Nc6 6. h3 Bd6 7. Bxd6 Qxd6 8. c3
O-O 9. Nbd2 e5 10. dxe5 Nxe5 11. Nxe5 Qxe5 12. Nf3 Qe7 13. Qa4 Bd7 14. Qf4 Rfe8
15. O-O Rad8 16. Bd3 Nh5 17. Qh2 Bc6 18. Nd2 Qd6 19. Qxd6 Rxd6 20. Rfd1 Nf6 21.
Be2 d4 22. Nb3 Ba4 23. cxd4 Bxb3 24. axb3 cxd4 25. Bb5 Ra8 26. Rxd4 Rxd4 27.
exd4 Kf8 28. Be2 Ne8 29. Bf3 Nd6 30. Ra5 Ke7 31. Kf1 a6 32. Rc5 Kd8 33. Ke2 Rc8
34. Kd3 b6 35. Rd5 Ke7 36. Re5+ Kd8 37. Re1 a5 38. Bg4 Rc7 39. f4 Re7 40. Rc1
Rc7 41. Rf1 h6 42. f5 f6 43. Re1 Re7 44. Re6 Kd7 45. d5 Re8 46. Bf3 Rc8 47. Kd2
Rc5 48. g4 Rb5 49. Re3 a4 50. Kc2 Rxb3 51. Rxb3 axb3+ 52. Kxb3 Kd8 53. Kb4 Kc7
54. Kc3 1/2-1/2

[Event "SR 1. liga zapad 2014/2015"]
[Site "?"]
[Date "2015.03.01"]
[Round "9.1"]
[White "Pupak, Tomas"]
[Black "Bielik, Miroslav"]
[Result "1-0"]
[WhiteElo "2022"]
[BlackElo "2157"]
[PlyCount "117"]
[EventDate "2014.??.??"]

1. Nf3 d5 2. c4 e6 3. b3 Nf6 4. Bb2 c6 5. g3 Be7 6. Bg2 O-O 7. O-O a5 8. a3
Nbd7 9. d4 Bd6 10. Nbd2 Ne4 11. Qc2 f5 12. Ne1 Qg5 13. Ndf3 Qh5 14. Nd3 Rf6 15.
Nfe5 Rh6 16. h3 Ndf6 17. Nf4 Qe8 18. h4 Nd7 19. Rad1 Rf6 20. Bf3 g6 21. Kg2 Qe7
22. a4 Rf8 23. Rh1 Qf6 24. Ned3 Rf7 25. Rh2 Rg7 26. Rdh1 Nf8 27. Ne5 Bd7 28.
Qc1 Be8 29. c5 Bc7 30. Qc2 Nd7 31. Nfd3 Nb8 32. Nf4 Na6 33. Nfd3 Rc8 34. e3 Nb8
35. Qe2 Nd7 36. Rc1 Rb8 37. Qc2 h6 38. Rch1 Qe7 39. Qc1 Bf7 40. Qc2 Rf8 41. Rc1
Be8 42. Be2 Nxe5 43. dxe5 b6 44. Bd4 bxc5 45. Nxc5 Rff7 46. Nd3 g5 47. hxg5
Qxg5 48. Nf4 Bd7 49. Rh5 Qe7 50. Rch1 Rg5 51. Rxh6 Rfg7 52. Rh8+ Kf7 53. Bh5+
Rxh5 54. R1xh5 c5 55. Bb2 Bc6 56. Qe2 d4 57. Kg1 Bxe5 58. Rxf5+ Nf6 59. Qh5+
1-0

[Event "SR 1. liga zapad 2014/2015"]
[Site "?"]
[Date "2015.03.01"]
[Round "9.1"]
[White "Marko, Anton"]
[Black "Prasek, Ivan"]
[Result "1-0"]
[WhiteElo "2092"]
[BlackElo "2042"]
[PlyCount "25"]
[EventDate "2014.??.??"]

1. c4 Nf6 2. Nc3 g6 3. g3 Bg7 4. Bg2 O-O 5. e3 d6 6. Nge2 c5 7. d4 cxd4 8. Nxd4
Qc7 9. b3 a6 10. Bb2 Nc6 11. Rc1 Nxd4 12. Qxd4 Ng4 13. Qxg7+ 1-0

[Event "SR 1. liga zapad 2014/2015"]
[Site "?"]
[Date "2015.03.01"]
[Round "9.1"]
[White "Orgon, Dusan"]
[Black "Moravcik, Rastislav"]
[Result "0-1"]
[WhiteElo "2066"]
[BlackElo "2028"]
[PlyCount "98"]
[EventDate "2014.??.??"]

1. e4 e6 2. d4 d5 3. Nd2 Nf6 4. e5 Nfd7 5. f4 c5 6. c3 Nc6 7. Ngf3 cxd4 8. cxd4
Qb6 9. Qa4 Bb4 10. a3 Bxd2+ 11. Bxd2 Qxb2 12. Rc1 Nb6 13. Qc2 Qxa3 14. Bd3 Bd7
15. O-O g6 16. Ra1 Qe7 17. Rfb1 O-O 18. Be1 Rfc8 19. Bh4 Qf8 20. Qb3 Rc7 21.
Bf6 Nc8 22. Ra2 a5 23. g4 Nb4 24. Rg2 Nxd3 25. Qxd3 Ne7 26. Ng5 h6 27. Rg3 Rac8
28. Qf1 b5 29. Rh3 Rc3 30. Nf3 b4 31. Bxe7 Qxe7 32. Rxh6 Qf8 33. Qh3 Qg7 34.
Rf1 Bb5 35. Rf2 b3 36. Qh4 b2 37. Rxb2 Rxf3 38. Rxb5 Rxf4 39. Rc5 Rb8 40. Rb5
Rf8 41. Rb3 Rxg4+ 42. Qxg4 Qxh6 43. Rh3 Qc1+ 44. Kg2 Rb8 45. Rf3 Rb2+ 46. Rf2
Rxf2+ 47. Kxf2 Qc2+ 48. Kg3 Qd3+ 49. Kf2 Qf5+ 0-1

[Event "SR 1. liga zapad 2014/2015"]
[Site "?"]
[Date "2015.03.01"]
[Round "9.2"]
[White "Maros, Milan"]
[Black "Motuz, Karol"]
[Result "0-1"]
[WhiteElo "2344"]
[BlackElo "2336"]
[PlyCount "68"]
[EventDate "2014.??.??"]

1. d4 c5 2. d5 Nf6 3. Nc3 g6 4. e4 d6 5. Nf3 Bg7 6. Be2 O-O 7. a4 Na6 8. O-O
Nc7 9. Re1 b6 10. Bf4 Bg4 11. Nd2 Bxe2 12. Rxe2 a6 13. Nc4 b5 14. Na5 b4 15.
Nc6 Qd7 16. Nb1 Nh5 17. Bc1 e6 18. c4 bxc3 19. Nxc3 Rfe8 20. Na5 exd5 21. Nxd5
Nxd5 22. Qxd5 Nf6 23. Qd3 d5 24. exd5 Rxe2 25. Qxe2 Re8 26. Be3 Nxd5 27. Nc4
Nxe3 28. Nxe3 Qb7 29. Rc1 Bd4 30. h3 Qb3 31. Qc2 Qb4 32. Nc4 Re1+ 33. Kh2 Bxf2
34. Qxf2 Qb8+ 0-1

[Event "SR 1. liga zapad 2014/2015"]
[Site "?"]
[Date "2015.03.01"]
[Round "9.2"]
[White "Jakubek, Peter"]
[Black "Ondrus, Martin"]
[Result "0-1"]
[WhiteElo "2169"]
[BlackElo "2320"]
[PlyCount "114"]
[EventDate "2014.??.??"]

1. d4 g6 2. e4 Bg7 3. Nc3 d6 4. Be3 a6 5. f4 b5 6. Be2 b4 7. Na4 Nf6 8. Bf3 Bb7
9. d5 Nbd7 10. Ne2 O-O 11. O-O e6 12. c4 bxc3 13. Naxc3 exd5 14. exd5 Re8 15.
Bf2 Nc5 16. Qc2 a5 17. Rad1 Nfd7 18. Nd4 Qf6 19. g3 Ba6 20. Ndb5 Bxb5 21. Nxb5
Rab8 22. Bd4 Qf5 23. Qxf5 gxf5 24. Bxg7 Kxg7 25. Nd4 Rxb2 26. Rf2 Reb8 27.
Nxf5+ Kf6 28. Ne3 Rxf2 29. Ng4+ Kg7 30. Nxf2 Rb2 31. Ra1 Na4 32. Ne4 Ndc5 33.
Bd1 Nxe4 34. Bxa4 Nc3 35. Bb3 Rd2 36. Re1 a4 37. Bc4 Rd4 38. Bf1 Nxd5 39. Rc1
c5 40. Bg2 Rd2 41. Bxd5 Rxd5 42. Rc2 Rd4 43. Kf2 Kf6 44. Ke3 Ke6 45. g4 Kd5 46.
Rb2 Re4+ 47. Kf3 Rb4 48. Rd2+ Rd4 49. Rb2 Rd3+ 50. Ke2 c4 51. Rb7 Kd4 52. Rxf7
Rh3 53. g5 Rxh2+ 54. Kf3 c3 55. f5 c2 56. Rc7 Kd3 57. f6 Rh1 0-1

[Event "SR 1. liga zapad 2014/2015"]
[Site "?"]
[Date "2015.03.01"]
[Round "9.2"]
[White "Chovan, Milan"]
[Black "Obona, Jan"]
[Result "1/2-1/2"]
[WhiteElo "2093"]
[BlackElo "2166"]
[PlyCount "100"]
[EventDate "2014.??.??"]

1. e4 c5 2. Nf3 d6 3. d4 cxd4 4. Nxd4 Nf6 5. Nc3 a6 6. Be3 e5 7. Nb3 Be6 8. f3
Be7 9. Qd2 Nbd7 10. g4 O-O 11. g5 Nh5 12. O-O-O b5 13. Rg1 Nb6 14. Kb1 b4 15.
Nd5 Nxd5 16. exd5 Bf5 17. Qxb4 a5 18. Qa4 Qc7 19. Bd3 Bd7 20. Qh4 g6 21. Nd2 a4
22. a3 Rab8 23. Ne4 Rb7 24. Ba6 Rb6 25. Bxb6 Qxb6 26. Bc4 Rb8 27. b4 axb3 28.
Bxb3 Bf5 29. Qe1 Nf4 30. Qd2 Qa6 31. Kb2 Ne2 32. Rge1 Nd4 33. Qd3 Qb6 34. h4
Rc8 35. Ka2 Qa5 36. a4 Bd8 37. Rb1 Qb4 38. Re3 Bxe4 39. fxe4 Qa5 40. Rb2 Bb6
41. Rh3 Bc5 42. Qc3 Qa7 43. Qe1 Rb8 44. Kb1 Ba3 45. Ra2 Qxa4 46. Qe3 Qa6 47.
Qd3 Nb5 48. Ka1 Qa5 49. Re3 Nd4 50. Qc3 Qa6 1/2-1/2

[Event "SR 1. liga zapad 2014/2015"]
[Site "?"]
[Date "2015.03.01"]
[Round "9.2"]
[White "Chovanec, Milan"]
[Black "Debnar, Lubos"]
[Result "0-1"]
[WhiteElo "2143"]
[BlackElo "2269"]
[PlyCount "42"]
[EventDate "2014.??.??"]

1. e4 c6 2. Nc3 d5 3. Nf3 Bg4 4. h3 Bxf3 5. Qxf3 e6 6. d3 Nf6 7. Bg5 Be7 8. g4
Nbd7 9. Bg2 Qa5 10. Bd2 Qb6 11. O-O-O d4 12. Ne2 Bd6 13. Bf1 h6 14. Rg1 g5 15.
Nxd4 Qxd4 16. Bc3 Bf4+ 17. Qxf4 Qxc3 18. Qc7 Qe5 19. Qxb7 Rb8 20. Qxc6 Qxb2+
21. Kd2 O-O 0-1

[Event "SR 1. liga zapad 2014/2015"]
[Site "?"]
[Date "2015.03.01"]
[Round "9.2"]
[White "Kalisky, Vladimir"]
[Black "Kukucka, Matej"]
[Result "1/2-1/2"]
[WhiteElo "2268"]
[BlackElo "2073"]
[PlyCount "56"]
[EventDate "2014.??.??"]

1. e4 e6 2. d4 d5 3. Nd2 Nf6 4. e5 Nfd7 5. c3 c5 6. Bd3 Nc6 7. Ne2 cxd4 8. cxd4
f6 9. exf6 Nxf6 10. Nf3 Bd6 11. O-O Qc7 12. Nc3 a6 13. Bg5 O-O 14. Rc1 g6 15.
h3 Nh5 16. Bh6 Rf7 17. Re1 Bd7 18. Ng5 Bh2+ 19. Kh1 Rxf2 20. Qg4 Nf6 21. Nxe6
Nxg4 22. Nxc7 Bxc7 23. Nxd5 Nxh6 24. Nxc7 Raf8 25. Bc4+ Kh8 26. Be6 Bxe6 27.
Nxe6 Re8 28. d5 Rxb2 1/2-1/2

[Event "SR 1. liga zapad 2014/2015"]
[Site "?"]
[Date "2015.03.01"]
[Round "9.2"]
[White "Skrabakova, Katarina"]
[Black "Szucs, Vladimir"]
[Result "1/2-1/2"]
[WhiteElo "2010"]
[BlackElo "2228"]
[PlyCount "99"]
[EventDate "2014.??.??"]

1. e4 c5 2. Nc3 Nc6 3. f4 g6 4. Nf3 Bg7 5. g3 e6 6. Bg2 Nge7 7. d3 O-O 8. O-O
d6 9. Qe1 Nd4 10. Qf2 Nec6 11. Nd1 Rb8 12. c3 Nxf3+ 13. Bxf3 b6 14. Ne3 Ba6 15.
Rd1 Qc7 16. Qg2 Bb7 17. Ng4 f5 18. exf5 gxf5 19. Ne3 Kh8 20. Kh1 b5 21. Bd2 a5
22. Rac1 Qd7 23. Be1 Rfc8 24. g4 fxg4 25. Nxg4 Rf8 26. Bg3 e5 27. f5 Rxf5 28.
Be4 Ne7 29. Rf1 Rxf1+ 30. Rxf1 Bxe4 31. Qxe4 Qe6 32. Bh4 d5 33. Qg2 Nf5 34. Bg5
Qg6 35. Ne3 Nxe3 36. Bxe3 Qxg2+ 37. Kxg2 d4 38. cxd4 cxd4 39. Bg5 Rc8 40. Rc1
Rxc1 41. Bxc1 Kg8 42. Kf3 Kf7 43. Ke4 Ke6 44. Bd2 a4 45. b3 Bf8 46. bxa4 bxa4
47. Be1 Bg7 48. Bg3 Bf6 49. h3 h5 50. Be1 1/2-1/2

[Event "SR 1. liga zapad 2014/2015"]
[Site "?"]
[Date "2015.03.01"]
[Round "9.2"]
[White "Skreno, Vladimir"]
[Black "Capak, Stefan"]
[Result "1-0"]
[WhiteElo "2244"]
[BlackElo "2063"]
[PlyCount "123"]
[EventDate "2014.??.??"]

1. d4 d5 2. Nf3 Nf6 3. c4 e6 4. Bg5 Be7 5. Nc3 Nbd7 6. cxd5 exd5 7. e3 O-O 8.
Bd3 c6 9. Qc2 Re8 10. O-O Nf8 11. Bxf6 Bxf6 12. b4 Be6 13. Na4 Rc8 14. Nc5 Rc7
15. Nxe6 Rxe6 16. Bf5 Ree7 17. Rac1 g6 18. Bd3 Nd7 19. a4 b6 20. Qb3 Qa8 21.
Qa3 Re8 22. a5 Be7 23. Qa4 Bd6 24. Rc2 bxa5 25. bxa5 a6 26. Rb2 c5 27. dxc5
Nxc5 28. Qd4 Rb8 29. Rb6 Rxb6 30. axb6 Ne6 31. Qa4 Rc6 32. Rb1 Nc5 33. Qd4 Qb7
34. Qxd5 Nxd3 35. Qxd3 Rxb6 36. Rd1 a5 37. Qd4 Qb8 38. g3 Bf8 39. Ng5 Rd6 40.
Qa4 Rxd1+ 41. Qxd1 Qb5 42. Ne4 Qc6 43. Qd4 Bg7 44. Qd8+ Bf8 45. Nf6+ Kg7 46.
Ne8+ Kg8 47. g4 Qe6 48. Nf6+ Kg7 49. g5 a4 50. Qd4 a3 51. Ng4+ Kg8 52. Nf6+ Kg7
53. Qh4 h5 54. Qd4 Kh8 55. Nxh5+ f6 56. Nxf6 Kg7 57. Qh4 Kf7 58. Qh7+ Bg7 59.
Qg8+ Ke7 60. Qxg7+ Qf7 61. Nd5+ Ke6 62. Qxf7+ 1-0

[Event "SR 1. liga zapad 2014/2015"]
[Site "?"]
[Date "2015.03.01"]
[Round "9.2"]
[White "Gombar, Peter"]
[Black "Gorusa, Miroslav"]
[Result "0-1"]
[WhiteElo "1994"]
[BlackElo "2172"]
[PlyCount "86"]
[EventDate "2014.??.??"]

1. e4 e5 2. Nf3 Nc6 3. Bb5 a6 4. Bxc6 dxc6 5. d4 exd4 6. Qxd4 Bg4 7. Qxd8+ Rxd8
8. Bg5 f6 9. Bf4 Rd7 10. Nbd2 Bc5 11. O-O Ne7 12. h3 Be6 13. Nb3 Bxb3 14. axb3
Ng6 15. Bg3 O-O 16. Rfd1 Re7 17. Rd2 Rfe8 18. Rad1 Nf8 19. c3 Bb6 20. Rd8 Rxe4
21. Rxe8 Rxe8 22. Kf1 Kf7 23. Rd3 Ne6 24. Nd2 Ke7 25. Ne4 Rd8 26. Ke2 Rxd3 27.
Kxd3 f5 28. Bh4+ Kd7 29. Nd2 Nf4+ 30. Kc2 Nxg2 31. Bg3 f4 32. Bh2 Bxf2 33. Ne4
Be3 34. Kd3 h6 35. Ke2 Nh4 36. Bg3 Nf5 37. Be1 Nd6 38. Ng3 Bc1 39. Nh5 g5 40.
Kf3 Bxb2 41. h4 Nb5 42. hxg5 hxg5 43. Nf6+ Ke6 0-1

[Event "SR 1. liga zapad 2014/2015"]
[Site "?"]
[Date "2015.03.01"]
[Round "9.3"]
[White "Gazik, Viktor"]
[Black "Gasa, Andrej"]
[Result "1/2-1/2"]
[WhiteElo "2291"]
[BlackElo "2317"]
[PlyCount "138"]
[EventDate "2014.??.??"]

1. e4 c5 2. Nf3 e6 3. d4 cxd4 4. Nxd4 a6 5. Bd3 Qc7 6. Nc3 Nc6 7. Nxc6 dxc6 8.
O-O e5 9. f4 Nf6 10. Kh1 Bd6 11. f5 b5 12. Bg5 Be7 13. Qf3 Bb7 14. a4 h6 15.
Bh4 O-O 16. Ne2 Rad8 17. b3 Rfe8 18. Bxf6 Bxf6 19. Ng3 b4 20. Rfd1 Rd6 21. Nf1
a5 22. Ne3 Red8 23. Bc4 Rd4 24. Rxd4 Rxd4 25. Rd1 Qd8 26. Rd3 Bg5 27. Ng4 Qd6
28. g3 c5 29. Nf2 Bc6 30. h4 Bf6 31. Kg1 Kf8 32. Kf1 Rxd3 33. Qxd3 Qd4 34. Ke2
Be7 35. Kf3 g6 36. fxg6 fxg6 37. Ng4 h5 38. Ne3 Qxd3 39. Bxd3 Bd8 40. Bc4 Ke7
41. Bd5 Bd7 42. Ke2 Bc8 43. Kd3 Bb6 44. Bc4 Bd8 45. Nd5+ Kd6 46. Ne3 Ke7 47.
Bb5 Be6 48. Nd5+ Bxd5 49. exd5 Kf6 50. d6 Ke6 51. Be8 g5 52. hxg5 Bxg5 53. Bxh5
Kxd6 54. Bf3 Be7 55. Kc4 Bg5 56. Kb5 Bd8 57. g4 e4 58. Bxe4 Ke5 59. Bf5 Kf4 60.
Kxc5 Kg5 61. Kd5 Bf6 62. Ke4 Bd8 63. Kf3 Bf6 64. Bd3 Bd8 65. Be2 Be7 66. Ke4
Bd8 67. Kd5 Bf6 68. Kc5 Be7+ 69. Kb5 Bd8 1/2-1/2

[Event "SR 1. liga zapad 2014/2015"]
[Site "?"]
[Date "2015.03.01"]
[Round "9.3"]
[White "Bury, Rastislav"]
[Black "Gazik, Igor"]
[Result "0-1"]
[WhiteElo "2147"]
[BlackElo "2321"]
[PlyCount "34"]
[EventDate "2014.??.??"]

1. d4 Nf6 2. c4 g6 3. Nc3 Bg7 4. Nf3 O-O 5. g3 d6 6. Bg2 Nbd7 7. O-O e5 8. e4
a6 9. Re1 exd4 10. Nxd4 Ne5 11. b3 c5 12. Nc2 b5 13. Ne3 bxc4 14. Nxc4 Nxc4 15.
bxc4 Ng4 16. Qb3 Qf6 17. f3 Qxc3 0-1

[Event "SR 1. liga zapad 2014/2015"]
[Site "?"]
[Date "2015.03.01"]
[Round "9.3"]
[White "Dobrotka, Martin"]
[Black "Jozefek, Michal"]
[Result "1/2-1/2"]
[WhiteElo "2189"]
[BlackElo "2064"]
[PlyCount "109"]
[EventDate "2014.??.??"]

1. d4 Nf6 2. c4 e6 3. Nf3 b6 4. Qc2 Bb7 5. Nc3 Bb4 6. a3 Bxc3+ 7. Qxc3 Ne4 8.
Qc2 d6 9. Be3 Nd7 10. Nd2 f5 11. Nxe4 Bxe4 12. Qd2 Qe7 13. f3 Bb7 14. Bf2 Nf6
15. e3 g5 16. Be2 h5 17. O-O-O O-O-O 18. Kb1 c5 19. Qc2 Qh7 20. Rc1 Rhe8 21.
Bd3 h4 22. h3 Kb8 23. Rhd1 Bc8 24. Ka1 e5 25. d5 Re7 26. Bf1 Rg8 27. Qc3 Qh5
28. Qe1 Rh8 29. b4 Rhh7 30. Rb1 Rb7 31. Qe2 Rhe7 32. Qe1 Rh7 33. Qe2 g4 34. Rb2
Rhg7 35. Rdb1 Nh7 36. Be1 gxh3 37. gxh3 Ng5 38. f4 Qxe2 39. Bxe2 exf4 40. exf4
Nxh3 41. Bxh4 Nxf4 42. Bf1 Ng6 43. Bg5 Ne5 44. Bf4 Rg4 45. Rf2 Rc7 46. b5 Rh7
47. Re1 Rh1 48. Ka2 Rgg1 49. Rxe5 dxe5 50. Bxe5+ Kb7 51. Bg2 Rh7 52. d6+ Rxg2
53. Rxg2 Be6 54. Kb3 Kc8 55. Rg7 1/2-1/2